Automobiles and the future : competition, cooperation, and change
Shranjeno v:
| Glavni avtor: | |
|---|---|
| Format: | Knjiga |
| Jezik: | Undetermined |
| Izdano: |
Tokyo
Center for Japanese Studies
1983
|
| Teme: | |
| Oznake: |
Označite
Brez oznak, prvi označite!
|
| Thư viện lưu trữ: | Trung tâm Học liệu Trường Đại học Cần Thơ |
|---|
| LEADER | 00612nam a2200205Ia 4500 | ||
|---|---|---|---|
| 001 | CTU_98825 | ||
| 008 | 210402s9999 xx 000 0 und d | ||
| 082 | |a 338.47629 | ||
| 082 | |b C689 | ||
| 100 | |a Cole, Robert E. | ||
| 245 | 0 | |a Automobiles and the future : | |
| 245 | 0 | |b competition, cooperation, and change | |
| 245 | 0 | |c Robert E. Cole | |
| 260 | |a Tokyo | ||
| 260 | |b Center for Japanese Studies | ||
| 260 | |c 1983 | ||
| 650 | |a Automobile industry and trade,Automobile industry and trade | ||
| 650 | |z Japan,United states | ||
| 904 | |i Truc | ||
| 980 | |a Trung tâm Học liệu Trường Đại học Cần Thơ | ||